<?xml version="1.0" encoding="UTF-8"?><?xml-stylesheet type="text/xsl" href="static/style.xsl"?><OAI-PMH xmlns="http://www.openarchives.org/OAI/2.0/" xmlns:xsi="http://www.w3.org/2001/XMLSchema-instance" xsi:schemaLocation="http://www.openarchives.org/OAI/2.0/ http://www.openarchives.org/OAI/2.0/OAI-PMH.xsd"><responseDate>2026-04-29T23:03:52Z</responseDate><request verb="GetRecord" identifier="oai:repisalud.isciii.es:20.500.12105/23439" metadataPrefix="marc">https://repisalud.isciii.es/rest/oai/request</request><GetRecord><record><header><identifier>oai:repisalud.isciii.es:20.500.12105/23439</identifier><datestamp>2024-11-28T23:14:45Z</datestamp><setSpec>com_20.500.12105_15322</setSpec><setSpec>com_20.500.12105_2051</setSpec><setSpec>col_20.500.12105_16967</setSpec></header><metadata><record xmlns="http://www.loc.gov/MARC21/slim" xmlns:dcterms="http://purl.org/dc/terms/" xmlns:doc="http://www.lyncode.com/xoai" xmlns:xsi="http://www.w3.org/2001/XMLSchema-instance" xsi:schemaLocation="http://www.loc.gov/MARC21/slim http://www.loc.gov/standards/marcxml/schema/MARC21slim.xsd">
   <leader>00925njm 22002777a 4500</leader>
   <datafield ind2=" " ind1=" " tag="042">
      <subfield code="a">dc</subfield>
   </datafield>
   <datafield ind2=" " ind1=" " tag="720">
      <subfield code="a">Aygün, Halis</subfield>
      <subfield code="e">author</subfield>
   </datafield>
   <datafield ind2=" " ind1=" " tag="720">
      <subfield code="a">Güner, Elif</subfield>
      <subfield code="e">author</subfield>
   </datafield>
   <datafield ind2=" " ind1=" " tag="720">
      <subfield code="a">Miñana, Juan-José</subfield>
      <subfield code="e">author</subfield>
   </datafield>
   <datafield ind2=" " ind1=" " tag="720">
      <subfield code="a">Valero, Oscar</subfield>
      <subfield code="e">author</subfield>
   </datafield>
   <datafield ind2=" " ind1=" " tag="260">
      <subfield code="c">2022</subfield>
   </datafield>
   <datafield ind2=" " ind1=" " tag="520">
      <subfield code="a">Partial metrics constitute a generalization of classical metrics for which self-distance may not be zero. They were introduced by S.G. Matthews in 1994 in order to provide an adequate mathematical framework for the denotational semantics of programming languages. Since then, different works were devoted to obtaining counterparts of metric fixed-point results in the more general context of partial metrics. Nevertheless, in the literature was shown that many of these generalizations are actually obtained as a corollary of their aforementioned classical counterparts. Recently, two fuzzy versions of partial metrics have been introduced in the literature. Such notions may constitute a future framework to extend already established fuzzy metric fixed point results to the partial metric context. The goal of this paper is to retrieve the conclusion drawn in the aforementioned paper by Haghia et al. to the fuzzy partial metric context. To achieve this goal, we construct a fuzzy metric from a fuzzy partial metric. The topology, Cauchy sequences, and completeness associated with this fuzzy metric are studied, and their relationships with the same notions associated to the fuzzy partial metric are provided. Moreover, this fuzzy metric helps us to show that many fixed point results stated in fuzzy metric spaces can be extended directly to the fuzzy partial metric framework. An outstanding difference between our approach and the classical technique introduced by Haghia et al. is shown.</subfield>
   </datafield>
   <datafield ind1="8" ind2=" " tag="024">
      <subfield code="a">Aygün H, Güner E, Miñana J-J, Valero O. Fuzzy Partial Metric Spaces and Fixed Point Theorems. Mathematics. 2022 Aug 28;10(17):3092</subfield>
   </datafield>
   <datafield ind1="8" ind2=" " tag="024">
      <subfield code="a">10.3390/math10173092</subfield>
   </datafield>
   <datafield ind1="8" ind2=" " tag="024">
      <subfield code="a">2227-7390</subfield>
   </datafield>
   <datafield ind1="8" ind2=" " tag="024">
      <subfield code="a">Mathematics</subfield>
   </datafield>
   <datafield ind1="8" ind2=" " tag="024">
      <subfield code="a">http://hdl.handle.net/20.500.13003/18538</subfield>
   </datafield>
   <datafield ind1="8" ind2=" " tag="024">
      <subfield code="a">2-s2.0-85137841193</subfield>
   </datafield>
   <datafield ind1="8" ind2=" " tag="024">
      <subfield code="a">https://hdl.handle.net/20.500.12105/23439</subfield>
   </datafield>
   <datafield ind1="8" ind2=" " tag="024">
      <subfield code="a">851797600001</subfield>
   </datafield>
   <datafield ind2="0" ind1="0" tag="245">
      <subfield code="a">Fuzzy Partial Metric Spaces and Fixed Point Theorems</subfield>
   </datafield>
</record></metadata></record></GetRecord></OAI-PMH>